Energy Policy (Record no. 368)
[ view plain ]
| 000 -LEADER | |
|---|---|
| fixed length control field | 00356nam a22001217a 4500 |
| 008 - FIXED-LENGTH DATA ELEMENTS--GENERAL INFORMATION | |
| fixed length control field | 230605b xxu||||| |||| 00| 0 eng d |
| 082 ## - DEWEY DECIMAL CLASSIFICATION NUMBER | |
| Classification number | 333.705 |
| Item number | ENE |
| 100 ## - MAIN ENTRY--PERSONAL NAME | |
| Titles and words associated with a name | S Karekezi |
| 245 ## - TITLE STATEMENT | |
| Title | Energy Policy |
| Remainder of title | Special Issue Africa: improving modern energy services for the poor |
| 260 ## - PUBLICATION, DISTRIBUTION, ETC. (IMPRINT) | |
| Place of publication, distribution, etc. | UK |
| Name of publisher, distributor, etc. | Macmillan India Ltd |
| Date of publication, distribution, etc. | 1992 |
| 300 ## - PHYSICAL DESCRIPTION | |
| Extent | 1142 pages |
| 942 ## - ADDED ENTRY ELEMENTS (KOHA) | |
| Source of classification or shelving scheme | Dewey Decimal Classification |
| Koha item type | Books |
| Withdrawn status | Lost status | Source of classification or shelving scheme | Damaged status | Not for loan | Home library | Current library | Date acquired | Total Checkouts | Full call number | Barcode | Date last seen | Price effective from | Koha item type |
|---|---|---|---|---|---|---|---|---|---|---|---|---|---|
| Dewey Decimal Classification | Bunge Tower Library | Bunge Tower Library | 06/05/2023 | 333.705 ENE | 10015193 | 06/05/2023 | 06/05/2023 | Books |
